Urban sociology, capitalism and modernity / (Record no. 3100)

MARC details
000 -LEADER
fixed length control field 00626nam a2200217 4500
003 - CONTROL NUMBER IDENTIFIER
control field OSt
005 - DATE AND TIME OF LATEST TRANSACTION
control field 20160229170659.0
008 - FIXED-LENGTH DATA ELEMENTS--GENERAL INFORMATION
fixed length control field 160229b xxu||||| |||| 00| 0 eng d
020 ## - INTERNATIONAL STANDARD BOOK NUMBER
International Standard Book Number 0333491645
040 ## - CATALOGING SOURCE
Transcribing agency 040a
082 ## - DEWEY DECIMAL CLASSIFICATION NUMBER
Classification number 301
Item number SAV 1993
100 ## - MAIN ENTRY--PERSONAL NAME
Personal name Savage, Mike
9 (RLIN) 6876
245 ## - TITLE STATEMENT
Title Urban sociology, capitalism and modernity /
Statement of responsibility, etc. Mike Savage, Alan Warde
260 ## - PUBLICATION, DISTRIBUTION, ETC. (IMPRINT)
Place of publication, distribution, etc. London
Name of publisher, distributor, etc. Macmillan press
Date of publication, distribution, etc. 1993
300 ## - PHYSICAL DESCRIPTION
Extent viii, 221p;
Other physical details ill :
Dimensions 10 cm.
504 ## - BIBLIOGRAPHY, ETC. NOTE
Bibliography, etc includes index and bibliographical references
650 ## - SUBJECT ADDED ENTRY--TOPICAL TERM
Topical term or geographic name as entry element Sociology
9 (RLIN) 2259
650 ## - SUBJECT ADDED ENTRY--TOPICAL TERM
Topical term or geographic name as entry element Capitalism
9 (RLIN) 5488
700 ## - ADDED ENTRY--PERSONAL NAME
Personal name Warde, Alan
9 (RLIN) 6877
942 ## - ADDED ENTRY ELEMENTS (KOHA)
Source of classification or shelving scheme Dewey Decimal Classification
Koha item type Short Loan
Holdings
Withdrawn status Lost status Source of classification or shelving scheme Damaged status Not for loan Home library Current library Date acquired Inventory number Total Checkouts Full call number Barcode Date last seen Price effective from Koha item type
    Dewey Decimal Classification     MUST Main Library MUST Main Library 29/02/2016 2001/16592   301 SAV 1993 2016-0252 29/02/2016 29/02/2016 Short Loan
    Dewey Decimal Classification     MUST Main Library MUST Main Library 29/02/2016 2001/16593   301 SAV 1993 2016-0261 29/02/2016 29/02/2016 Short Loan